[Event "Goch op 26th"]
[Site "Goch"]
[Date "2015.09.06"]
[Round "6"]
[White "Schmerwitz, Reinhard"]
[Black "Dorr, Yannick"]
[Result "0-1"]
[WhiteElo "1838"]
[BlackElo "1881"]
[PlyCount "34"]
[EventDate "2015.09.03"]
[EventType "swiss"]
[EventRounds "7"]
[EventCountry "GER"]
[SourceTitle "EXT 2018"]
[Source "ChessBase"]
[SourceDate "2017.10.13"]
[SourceVersion "1"]
[SourceVersionDate "2017.10.13"]
[SourceQuality "1"]

1. e4 e5 2. Nf3 Nc6 3. Bb5 Bc5 4. 0-0 d6 5. d4 exd4 6. Nxd4 Nge7 7. c4 0-0 8. Nxc6 Nxc6 9. Nc3 a6 10. Ba4 Ne5 11. Bb3 Bg4 12. Qc2 Qh4 13. Bf4 Ng6 14. Bg3 Qg5 15. Nd5 h5 16. Qc1 Qxc1 17. Raxc1 h4 0-1

[Event "Goch op 26th"]
[Site "Goch"]
[Date "2015.09.05"]
[Round "5"]
[White "Wortmann, Klaus Peter"]
[Black "Dorr, Yannick"]
[Result "1-0"]
[WhiteElo "2084"]
[BlackElo "1881"]
[PlyCount "87"]
[EventDate "2015.09.03"]
[EventType "swiss"]
[EventRounds "7"]
[EventCountry "GER"]
[SourceTitle "EXT 2018"]
[Source "ChessBase"]
[SourceDate "2017.10.13"]
[SourceVersion "1"]
[SourceVersionDate "2017.10.13"]
[SourceQuality "1"]

1. d4 Nf6 2. Bg5 e6 3. Nd2 d5 4. e3 c5 5. c3 cxd4 6. exd4 Nc6 7. Bd3 Bd6 8. Ngf3 h6 9. Bh4 Qc7 10. Bg3 Bxg3 11. hxg3 0-0 12. 0-0 e5 13. dxe5 Nxe5 14. Nxe5 Qxe5 15. Re1 Qc7 16. Nb3 Bg4 17. Qc2 Rae8 18. Nd4 Re5 19. Nb5 Rxe1+ 20. Rxe1 Qb6 21. Nd4 Nd7 22. f3 Be6 23. Qf2 Nc5 24. Bb1 Bd7 25. Qc2 f5 26. Kh2 Qf6 27. Qd2 Na6 28. Bc2 Qd6 29. Qf4 Qxf4 30. gxf4 g6 31. Bb3 Nc7 32. Re5 Bc6 33. Kg3 Kf7 34. Kf2 Kf6 35. Ke3 Rd8 36. Bc2 Rd6 37. Bd3 Na8 38. Nxc6 bxc6 39. Kd4 Re6 40. Rxe6+ Kxe6 41. Kc5 Kd7 42. g4 fxg4 43. fxg4 h5 44. Bxg6 1-0

[Event "Goch op 26th"]
[Site "Goch"]
[Date "2015.09.04"]
[Round "2"]
[White "Meyer zu Kniendorf, Jochen"]
[Black "Dorr, Yannick"]
[Result "1/2-1/2"]
[WhiteElo "1710"]
[BlackElo "1881"]
[PlyCount "73"]
[EventDate "2015.09.03"]
[EventType "swiss"]
[EventRounds "7"]
[EventCountry "GER"]
[SourceTitle "EXT 2018"]
[Source "ChessBase"]
[SourceDate "2017.10.13"]
[SourceVersion "1"]
[SourceVersionDate "2017.10.13"]
[SourceQuality "1"]

1. c4 e5 2. Nc3 Nf6 3. g3 Bc5 4. Bg2 c6 5. e4 d6 6. h3 Be6 7. d3 h6 8. Nge2 Qd7 9. f4 Qe7 10. f5 Bc8 11. Bd2 a6 12. a4 d5 13. a5 0-0 14. Na4 dxc4 15. dxc4 Nbd7 16. Nxc5 Qxc5 17. Qc1 b6 18. b4 Qe7 19. 0-0 bxa5 20. Rxa5 c5 21. b5 Bb7 22. Nc3 Kh7 23. Nd5 Nxd5 24. exd5 axb5 25. Rxb5 Ba6 26. Rb3 Qd6 27. Qc2 f6 28. Rfb1 Ra7 29. Qe4 Rfa8 30. g4 Bc8 31. h4 Kg8 32. g5 hxg5 33. hxg5 fxg5 34. Bxg5 Nf6 35. Bxf6 Qxf6 36. Rf1 Ra1 37. Rbb1 1/2-1/2

[Event "BEL-ch U20 Elite "]
[Site "Blankenberge"]
[Date "2015.04.17"]
[Round "8"]
[White "Dorr, Yannick"]
[Black "Cox, Jan"]
[Result "1/2-1/2"]
[WhiteElo "1922"]
[BlackElo "2001"]
[PlyCount "107"]
[EventDate "2015.04.12"]
[EventType "tourn"]
[EventRounds "9"]
[EventCountry "BEL"]
[SourceTitle "CBM 166 Extra"]
[Source "ChessBase"]
[SourceDate "2015.06.18"]
[SourceVersion "1"]
[SourceVersionDate "2015.06.18"]
[SourceQuality "1"]

1. e4 e5 2. Nf3 Nc6 3. Bb5 a6 4. Ba4 Nf6 5. 0-0 Be7 6. Bxc6 dxc6 7. d3 Qd6 8. Nbd2 b5 9. b3 Bg4 10. Bb2 Nd7 11. Re1 h5 12. Nf1 Qg6 13. Ne3 Bc5 14. Nxg4 hxg4 15. Nxe5 Bxf2+ 16. Kxf2 Qf6+ 17. Kg1 Nxe5 18. Bxe5 Qxe5 19. g3 Qd4+ 20. Kg2 Rxh2+ 21. Kxh2 Qf2+ 22. Kh1 Ke7 23. Qxg4 Rh8+ 24. Qh4+ Rxh4+ 25. gxh4 Qxc2 26. Rac1 Qxd3 27. Rxc6 Kd7 28. Rcc1 Qg3 29. Red1+ Ke6 30. Rc6+ Ke5 31. Rdc1 Kxe4 32. Rxc7 f5 33. Re7+ Kd5 34. Rcc7 Qxh4+ 35. Kg2 g5 36. Rcd7+ Kc5 37. a3 Qg4+ 38. Kf2 f4 39. Rd3 Qh4+ 40. Ke2 Qh2+ 41. Kd1 f3 42. Ree3 Qg1+ 43. Kd2 Qg2+ 44. Kd1 Qh1+ 45. Kd2 Qh2+ 46. Kd1 Qg1+ 47. Kd2 Qg2+ 48. Kd1 g4 49. Re5+ Kc6 50. Re6+ Kc7 51. Re7+ Kc8 52. Re8+ Kb7 53. Re7+ Kb6 54. Re6+ 1/2-1/2

[Event "BEL-ch U20"]
[Site "Blankenberge"]
[Date "2014.04.16"]
[Round "5"]
[White "Dorr, Yannick"]
[Black "Decrop, Benjamin"]
[Result "1/2-1/2"]
[WhiteElo "1884"]
[BlackElo "1926"]
[PlyCount "137"]
[EventDate "2014.04.13"]
[EventType "tourn"]
[EventRounds "9"]
[EventCountry "BEL"]
[SourceTitle "EXT 2015"]
[Source "ChessBase"]
[SourceDate "2014.11.20"]
[SourceVersion "1"]
[SourceVersionDate "2014.11.20"]
[SourceQuality "1"]

1. e4 d6 2. Nf3 g6 3. d3 Bg7 4. g3 Nc6 5. Bg2 e5 6. 0-0 Nge7 7. Re1 0-0 8. c3 f5 9. b4 Qe8 10. Na3 Nd8 11. Qe2 Nf7 12. Bb2 f4 13. Nc4 g5 14. gxf4 exf4 15. Nd4 g4 16. f3 Ne5 17. Nf5 gxf3 18. Bxf3 Qg6+ 19. Kh1 Nxf5 20. exf5 Bxf5 21. Nxe5 dxe5 22. Rg1 Bxd3 23. Rxg6 Bxe2 24. Rxg7+ Kxg7 25. Bxe2 Rad8 26. c4 Rf5 27. Bf3 Rd2 28. Rg1+ Kf6 29. Rg2 Rxg2 30. Kxg2 Rg5+ 31. Kf2 Rg8 32. Bxb7 Rb8 33. Bd5 Rxb4 34. Bc3 Ra4 35. c5 c6 36. Bb3 Re4 37. Bd2 Rd4 38. Ba5 Rd3 39. Bc4 Rh3 40. Kg2 Ra3 41. Bd2 Ra4 42. Bb3 Rd4 43. Bc3 Rd3 44. Ba5 h5 45. Bc4 Ra3 46. Bd2 Kf5 47. Bb3 Ke4 48. Bb4 Rxb3 49. axb3 Kd3 50. Kf3 Kc2 51. Ke4 Kxb3 52. Be1 Kc2 53. Kxe5 Kd1 54. Bh4 f3 55. Kd6 a5 56. Kxc6 a4 57. Kd7 a3 58. c6 a2 59. c7 a1Q 60. c8Q Qd4+ 61. Ke8 Qh8+ 62. Kd7 Qxc8+ 63. Kxc8 Ke2 64. Kd7 f2 65. Bxf2 Kxf2 66. Ke6 h4 67. Kf5 Kf3 68. h3 Kg3 69. Ke4 1/2-1/2

[Event "BEL-ch U20"]
[Site "Blankenberge"]
[Date "2014.04.14"]
[Round "3"]
[White "Dorr, Yannick"]
[Black "Boucquet, Emile"]
[Result "0-1"]
[WhiteElo "1884"]
[BlackElo "2004"]
[PlyCount "100"]
[EventDate "2014.04.13"]
[EventType "tourn"]
[EventRounds "9"]
[EventCountry "BEL"]
[SourceTitle "EXT 2015"]
[Source "ChessBase"]
[SourceDate "2014.11.20"]
[SourceVersion "1"]
[SourceVersionDate "2014.11.20"]
[SourceQuality "1"]

1. Nf3 d5 2. g3 Nf6 3. Bg2 c5 4. 0-0 e6 5. d3 Be7 6. Nbd2 Nc6 7. e4 0-0 8. Re1 Qc7 9. Qe2 b6 10. e5 Nd7 11. Nf1 Ba6 12. Bf4 Rac8 13. Ne3 Nd4 14. Nxd4 cxd4 15. Nxd5 exd5 16. e6 Bd6 17. exd7 Qxd7 18. Bxd6 Qxd6 19. Rac1 g6 20. Qg4 Qb4 21. c3 Qxb2 22. Qxd4 Rcd8 23. Rb1 Qxa2 24. Ra1 Qd2 25. Red1 Qc2 26. Rac1 Qe2 27. Bf1 Qe7 28. Ra1 Bb5 29. Bg2 Bc6 30. Ra6 Rfe8 31. Rda1 Rd7 32. h4 h5 33. Kh2 Bb5 34. R6a2 Bc6 35. Ra6 Red8 36. Bh3 Rc7 37. Bg2 Bb5 38. R6a2 Qc5 39. Qf6 Rd6 40. Qf4 Rdd7 41. Re1 Re7 42. Rxe7 Rxe7 43. d4 Qxc3 44. Bxd5 Qc7 45. Qf6 Qd7 46. Qxg6+ Kf8 47. Qxh5 Re1 48. Qh6+ Ke8 49. Qh8+ Ke7 50. Bf3 Bf1 0-1

[Event "BEL-ch U20"]
[Site "Blankenberge"]
[Date "2014.04.13"]
[Round "1"]
[White "Dorr, Yannick"]
[Black "De Vleeschauwer, Maarten"]
[Result "1/2-1/2"]
[WhiteElo "1884"]
[BlackElo "2028"]
[PlyCount "62"]
[EventDate "2014.04.13"]
[EventType "tourn"]
[EventRounds "9"]
[EventCountry "BEL"]
[SourceTitle "EXT 2015"]
[Source "ChessBase"]
[SourceDate "2014.11.20"]
[SourceVersion "1"]
[SourceVersionDate "2014.11.20"]
[SourceQuality "1"]

1. e4 c5 2. Nf3 e6 3. d3 d5 4. Nbd2 Nc6 5. g3 Nf6 6. Bg2 Be7 7. 0-0 0-0 8. Re1 Qc7 9. Qe2 d4 10. e5 Nd5 11. h4 b5 12. Nf1 Ba6 13. N1h2 Rad8 14. Ng4 c4 15. Bg5 Bxg5 16. Nxg5 h6 17. Nxh6+ gxh6 18. Qg4 Nxe5 19. Rxe5 Qxe5 20. Nxe6+ Kh8 21. Nxf8 Rxf8 22. Qd7 Nf6 23. Qxa7 Bc8 24. dxc4 bxc4 25. Rd1 d3 26. cxd3 cxd3 27. Qa3 Rd8 28. Rxd3 Rxd3 29. Qxd3 Bf5 30. Qd2 Kg7 31. Bf3 Qe6 1/2-1/2

[Event "Maastricht Limburg op-B 7th"]
[Site "Maastricht"]
[Date "2013.05.19"]
[Round "4"]
[White "Schueller, Tobias"]
[Black "Dorr, Yannick"]
[Result "1-0"]
[WhiteElo "1919"]
[BlackElo "1887"]
[PlyCount "131"]
[EventDate "2013.05.17"]
[EventType "swiss"]
[EventRounds "7"]
[EventCountry "NED"]
[SourceTitle "EXT 2014"]
[Source "ChessBase"]
[SourceDate "2013.11.20"]
[SourceVersion "1"]
[SourceVersionDate "2013.11.20"]
[SourceQuality "1"]

1. e4 e5 2. Nf3 Nc6 3. c3 Nf6 4. d4 exd4 5. e5 Nd5 6. Qb3 Nb6 7. cxd4 d5 8. Be3 a6 9. Nbd2 Bf5 10. Rc1 Be7 11. Be2 0-0 12. 0-0 Kh8 13. Rfd1 h6 14. Nf1 Qd7 15. Ng3 Bg6 16. Bd3 Bxd3 17. Qxd3 Nc4 18. Qe2 Rae8 19. b3 Nb6 20. Qd2 Bb4 21. Qc2 f6 22. exf6 Rxf6 23. Ne1 Bxe1 24. Rxe1 Qf7 25. Red1 Nc8 26. Qe2 Nd6 27. Qh5 Qxh5 28. Nxh5 Rfe6 29. Nf4 Re4 30. Nxd5 Nb5 31. Kf1 Rd8 32. Nc3 Nxc3 33. Rxc3 Rd5 34. Rc5 Rxc5 35. dxc5 Re7 36. a3 Kg8 37. b4 Kf7 38. Ke2 Ke8 39. Kf1 Kf7 40. Bf4 Ke8 41. Re1 Kd7 42. Rxe7+ Nxe7 43. Ke2 c6 44. Kd3 Ke6 45. Ke4 Nd5 46. Be5 g6 47. Bd4 Ne7 48. g4 Nd5 49. f4 Ne7 50. h3 h5 51. Ba1 hxg4 52. hxg4 Nd5 53. f5+ gxf5+ 54. gxf5+ Ke7 55. Bd4 Nc7 56. Ke5 Nd5 57. Ke4 Nc7 58. Kf4 Nd5+ 59. Ke5 Nf6 60. Be3 Ng4+ 61. Kf4 Nh6 62. Kg5 Nf7+ 63. Kg6 Ne5+ 64. Kg7 Nf7 65. Bf4 Nd8 66. Bg5+ 1-0

[Event "Maastricht Limburg op-B 7th"]
[Site "Maastricht"]
[Date "2013.05.19"]
[Round "5"]
[White "Ucaroglu Melih, Furkan"]
[Black "Dorr, Yannick"]
[Result "1/2-1/2"]
[WhiteElo "1711"]
[BlackElo "1887"]
[PlyCount "119"]
[EventDate "2013.05.17"]
[EventType "swiss"]
[EventRounds "7"]
[EventCountry "NED"]
[SourceTitle "EXT 2014"]
[Source "ChessBase"]
[SourceDate "2013.11.20"]
[SourceVersion "1"]
[SourceVersionDate "2013.11.20"]
[SourceQuality "1"]

1. e4 e5 2. Nf3 Nc6 3. Bc4 Bc5 4. c3 Nf6 5. d4 exd4 6. cxd4 Bb4+ 7. Bd2 Bxd2+ 8. Nbxd2 d5 9. exd5 Nxd5 10. 0-0 0-0 11. Bb5 Nce7 12. Ne5 c6 13. Bd3 f6 14. Qh5 h6 15. Ng6 Nxg6 16. Qxg6 Nf4 17. Qh7+ Kf7 18. Bc4+ Be6 19. Qe4 Bxc4 20. Nxc4 Nd5 21. Rfe1 Qd7 22. Rad1 Rfe8 23. Qf3 Kg8 24. Ne3 Rad8 25. Nc2 Rxe1+ 26. Rxe1 Re8 27. Rxe8+ Qxe8 28. Qf5 Qe7 29. g3 Kf7 30. Qh5+ Kf8 31. Qf5 Ke8 32. Qc8+ Kf7 33. Qg4 Qe6 34. Qxe6+ Kxe6 35. f3 Ne7 36. Ne3 Nd5 37. Nc2 Nb6 38. b3 Nd5 39. Kf2 Nc3 40. a3 Na2 41. Ke3 Nc3 42. Kd3 Nd5 43. Ne3 Nxe3 44. Kxe3 Kd5 45. Kd3 a5 46. Ke3 a4 47. bxa4 Kc4 48. Ke4 Kb3 49. d5 cxd5+ 50. Kxd5 Kxa3 51. Kc5 Kxa4 52. Kb6 Kb4 53. Kxb7 Kc5 54. Kc7 Kd4 55. Kd6 Ke3 56. f4 Kf3 57. Ke6 Kg2 58. Kf7 Kxh2 59. Kxg7 Kxg3 60. Kxf6 1/2-1/2

[Event "BEL-chT 1213"]
[Site "Belgium"]
[Date "2013.03.24"]
[Round "11.8"]
[White "Dorr, Yannick"]
[Black "Ducarmon, Renzo"]
[Result "0-1"]
[WhiteElo "1910"]
[BlackElo "2035"]
[PlyCount "92"]
[EventDate "2012.09.23"]
[EventType "team-tourn"]
[EventRounds "11"]
[EventCountry "BEL"]
[SourceTitle "EXT 2014"]
[Source "ChessBase"]
[SourceDate "2013.11.20"]
[SourceVersion "1"]
[SourceVersionDate "2013.11.20"]
[SourceQuality "1"]
[WhiteTeam "Eynatten II"]
[BlackTeam "KGSRL"]
[WhiteTeamCountry "BEL"]
[BlackTeamCountry "BEL"]

1. e4 c5 2. Nf3 d6 3. d4 cxd4 4. Nxd4 Nf6 5. Nc3 e6 6. Bg5 Be7 7. f4 a6 8. Qd2 b5 9. a3 Bb7 10. Bd3 Nbd7 11. Nb3 h6 12. Bxf6 Bxf6 13. 0-0-0 Rc8 14. Ne2 Nb6 15. Qb4 Qc7 16. Kb1 Nc4 17. c3 d5 18. Nd2 Be7 19. Qb3 Nxd2+ 20. Rxd2 dxe4 21. Bc2 e3 22. Rd3 Bd5 23. Rxd5 exd5 24. Qxd5 Qc4 25. Qf5 Rd8 26. Nd4 Qd5 27. Qd3 Qxg2 28. Re1 Qd2 29. Qf1 Qf2 30. Qh1 0-0 31. Rf1 Qh4 32. Qe4 g6 33. Rg1 Qf6 34. Nf5 Bc5 35. Nxh6+ Kh7 36. Ng4 Qh4 37. Qe5 e2 38. Nf6+ Qxf6 39. Qxf6 Bxg1 40. Qh4+ Kg7 41. Bxg6 Rd1+ 42. Ka2 e1Q 43. Qh7+ Kf6 44. Be4 Ra1+ 45. Kb3 Qd1+ 46. Kb4 Qa4# 0-1

[Event "BEL-chT 1213"]
[Site "Belgium"]
[Date "2012.12.16"]
[Round "6.8"]
[White "Tuncer, Ufuk"]
[Black "Dorr, Yannick"]
[Result "1-0"]
[WhiteElo "2328"]
[BlackElo "1910"]
[PlyCount "55"]
[EventDate "2012.09.23"]
[EventType "team-tourn"]
[EventRounds "11"]
[EventCountry "BEL"]
[SourceTitle "EXT 2014"]
[Source "ChessBase"]
[SourceDate "2013.11.20"]
[SourceVersion "1"]
[SourceVersionDate "2013.11.20"]
[SourceQuality "1"]
[WhiteTeam "Wirtzfeld"]
[BlackTeam "Eynatten II"]
[WhiteTeamCountry "BEL"]
[BlackTeamCountry "BEL"]

1. Nf3 Nc6 2. d4 d5 3. Bf4 Nf6 4. e3 a6 5. c4 dxc4 6. Bxc4 e6 7. Nc3 Nd5 8. Bg3 Bb4 9. Qc2 0-0 10. a3 b5 11. Bd3 Bxc3+ 12. bxc3 h6 13. 0-0 Nce7 14. c4 bxc4 15. Qxc4 a5 16. Rfc1 Ba6 17. Qc2 Bxd3 18. Qxd3 Nf5 19. e4 Nxg3 20. exd5 Nf5 21. Rc5 Qd6 22. Rac1 Rfd8 23. h3 Ra7 24. Qe4 Qd7 25. Ne5 exd5 26. Qb1 Qc8 27. Nc6 Rb7 28. Qxf5 1-0

[Event "BEL-chT 1213"]
[Site "Belgium"]
[Date "2012.12.02"]
[Round "5.8"]
[White "Dorr, Yannick"]
[Black "Lombaers, Peter"]
[Result "0-1"]
[WhiteElo "1910"]
[BlackElo "2142"]
[PlyCount "96"]
[EventDate "2012.09.23"]
[EventType "team-tourn"]
[EventRounds "11"]
[EventCountry "BEL"]
[SourceTitle "EXT 2014"]
[Source "ChessBase"]
[SourceDate "2013.11.20"]
[SourceVersion "1"]
[SourceVersionDate "2013.11.20"]
[SourceQuality "1"]
[WhiteTeam "Eynatten II"]
[BlackTeam "Borgerhout"]
[WhiteTeamCountry "BEL"]
[BlackTeamCountry "BEL"]

1. e4 Nf6 2. Nc3 d5 3. e5 Nfd7 4. d4 c5 5. Nf3 cxd4 6. Qxd4 e6 7. Bd3 Nc6 8. Qf4 g6 9. 0-0 Bg7 10. Re1 0-0 11. b3 Ndxe5 12. Nxe5 Nxe5 13. Bb2 Nxd3 14. cxd3 b6 15. Rac1 Ba6 16. Qa4 Bxd3 17. Rcd1 Bc2 18. Rd2 Bf5 19. h4 a6 20. Nd1 Bxb2 21. Nxb2 Qf6 22. Nd1 Rfd8 23. Qf4 Rac8 24. Ne3 h5 25. f3 d4 26. Nf1 d3 27. Red1 e5 28. Qe3 Qxh4 29. Qxb6 Qd4+ 30. Qxd4 Rxd4 31. Ne3 e4 32. f4 Bg4 33. Nxg4 hxg4 34. Kf2 f5 35. g3 Rd5 36. Ke3 Rdc5 37. a4 a5 38. Rb1 Rc1 39. Rbb2 Rg1 40. Kf2 Rh1 41. Ke3 Rb8 42. Kd4 Kf7 43. Kc4 Ke6 44. Rh2 Rc8+ 45. Kd4 Rxh2 46. Rxh2 Rc2 47. Rh1 Re2 48. Rd1 d2 0-1

[Event "BEL-chT 1213"]
[Site "Belgium"]
[Date "2012.11.18"]
[Round "4.7"]
[White "Dorr, Yannick"]
[Black "Knors, Rudi"]
[Result "1/2-1/2"]
[WhiteElo "1910"]
[BlackElo "2112"]
[PlyCount "53"]
[EventDate "2012.09.23"]
[EventType "team-tourn"]
[EventRounds "11"]
[EventCountry "BEL"]
[SourceTitle "CBM 151 Extra"]
[Source "ChessBase"]
[SourceDate "2012.12.18"]
[SourceVersion "1"]
[SourceVersionDate "2012.12.18"]
[SourceQuality "1"]
[WhiteTeam "Eynatten II"]
[BlackTeam "Deurne"]
[WhiteTeamCountry "BEL"]
[BlackTeamCountry "BEL"]

1. e4 c6 2. d4 d5 3. Nc3 dxe4 4. Nxe4 Nd7 5. Nf3 Ngf6 6. Nxf6+ Nxf6 7. h3 Bf5 8. Bc4 e6 9. 0-0 Be7 10. c3 0-0 11. Bf4 Qb6 12. Qe2 c5 13. Be5 Nd7 14. Rad1 Rfd8 15. Rfe1 a6 16. d5 Nxe5 17. Nxe5 Bf6 18. g4 exd5 19. Bxd5 Be6 20. Nc4 Qc7 21. Bxe6 Rxd1 22. Rxd1 Re8 23. Bxf7+ Qxf7 24. Qd3 Bh4 25. Qf1 Bxf2+ 26. Qxf2 Qxc4 27. Qg2 1/2-1/2

[Event "Maastricht Limburg op-B 6th"]
[Site "Maastricht"]
[Date "2012.05.27"]
[Round "5"]
[White "Dorr, Yannick"]
[Black "Bondarchuk, Vadim"]
[Result "0-1"]
[WhiteElo "1902"]
[BlackElo "1985"]
[PlyCount "132"]
[EventDate "2012.05.25"]
[EventType "swiss"]
[EventRounds "7"]
[EventCountry "NED"]
[SourceTitle "EXT 2013"]
[Source "ChessBase"]
[SourceDate "2012.11.22"]
[SourceVersion "1"]
[SourceVersionDate "2012.11.22"]
[SourceQuality "1"]

1. e4 e5 2. Nf3 Nf6 3. Nxe5 d6 4. Nf3 Nxe4 5. Qe2 Qe7 6. d3 Nf6 7. Bg5 Be6 8. Nc3 h6 9. Bd2 Nc6 10. 0-0-0 0-0-0 11. h3 g6 12. g3 Bg7 13. Bg2 Qd7 14. d4 Rde8 15. Be3 Bd5 16. Qb5 a6 17. Qa4 Re7 18. Ne1 Bxg2 19. Nxg2 d5 20. Nf4 Na7 21. Qb3 c6 22. Nd3 h5 23. Qb6 Nb5 24. Nxb5 axb5 25. Qa7 Qc7 26. g4 Qb8 27. Qc5 Rhe8 28. Qa3 b6 29. Ne5 Qb7 30. Bg5 Re6 31. f4 Bf8 32. Qf3 Ne4 33. Bh4 hxg4 34. hxg4 Rd6 35. Rd3 Bg7 36. Rf1 Rh8 37. Bg3 Rdd8 38. g5 Nd6 39. Rc3 Bxe5 40. fxe5 Nf5 41. Qg4 Qd7 42. Qf4 Qe6 43. Rb3 Kb7 44. Qd2 Ra8 45. Kb1 Ra4 46. Bf2 Rh2 47. Qf4 Rh8 48. Qd2 Qc8 49. Qf4 Qd7 50. Qd2 Qe7 51. Rd1 Rh5 52. Rg1 Ra8 53. Rf3 Rah8 54. Be3 Rh2 55. Rf2 R2h3 56. Bf4 R8h4 57. Rgf1 Rh8 58. Rg1 Ng7 59. Rgf1 Rh1 60. Bh2 R8xh2 61. Qe2 Rxf1+ 62. Qxf1 Rxf2 63. Qxf2 Nf5 64. Qf4 Qe8 65. a3 Qh8 66. Ka2 Qh4 0-1

[Event "Maastricht Limburg op-B 6th"]
[Site "Maastricht"]
[Date "2012.05.26"]
[Round "3"]
[White "Dorr, Yannick"]
[Black "Staudte, Rainer"]
[Result "1-0"]
[WhiteElo "1902"]
[BlackElo "1954"]
[PlyCount "107"]
[EventDate "2012.05.25"]
[EventType "swiss"]
[EventRounds "7"]
[EventCountry "NED"]
[SourceTitle "EXT 2013"]
[Source "ChessBase"]
[SourceDate "2012.11.22"]
[SourceVersion "1"]
[SourceVersionDate "2012.11.22"]
[SourceQuality "1"]

1. e4 c5 2. Nf3 Nc6 3. d4 cxd4 4. Nxd4 g6 5. Nc3 Bg7 6. Be3 Nf6 7. Bc4 Qa5 8. 0-0 0-0 9. Bb3 d6 10. f3 Bd7 11. Qe2 Ne5 12. Rad1 a6 13. Bf2 Rac8 14. Kh1 Rfd8 15. Bg3 b5 16. f4 Bg4 17. Nf3 Nxf3 18. gxf3 Bh3 19. Rfe1 Nh5 20. Nd5 Re8 21. Bh4 Bf8 22. Rg1 Be6 23. f5 Bxd5 24. Bxd5 e6 25. fxe6 fxe6 26. Bb3 Kh8 27. Bg5 Qc7 28. Qd3 Qc5 29. Be3 Qc6 30. Bd4+ e5 31. Be3 a5 32. c3 Be7 33. Bh6 Red8 34. Qf1 a4 35. Be6 Rb8 36. Qh3 Bf6 37. Bf7 Qd7 38. Be6 Qe7 39. Bf5 Rg8 40. Bg4 Nf4 41. Bxf4 exf4 42. Rd5 b4 43. cxb4 Rxb4 44. Rgd1 Be5 45. b3 axb3 46. axb3 Rxb3 47. Be6 Rgb8 48. Rxe5 dxe5 49. Bxb3 Rxb3 50. Qc8+ Kg7 51. Rd7 Kf6 52. Rxe7 Kxe7 53. Qc5+ Kf6 54. Qd6+ 1-0

[Event "BEL-ch U18/20"]
[Site "Bruges"]
[Date "2012.04.09"]
[Round "3"]
[White "Harutyunyan, Axel"]
[Black "Dorr, Yannick"]
[Result "1/2-1/2"]
[WhiteElo "1739"]
[BlackElo "1927"]
[PlyCount "50"]
[EventDate "2012.04.08"]
[EventType "swiss"]
[EventRounds "9"]
[EventCountry "BEL"]
[SourceTitle "CBM 147 Extra"]
[Source "ChessBase"]
[SourceDate "2012.04.24"]
[SourceVersion "1"]
[SourceVersionDate "2012.04.24"]
[SourceQuality "1"]

1. e4 e5 2. Nf3 Nc6 3. d4 exd4 4. Bc4 d6 5. Nxd4 Nxd4 6. Qxd4 Nf6 7. Nc3 Be7 8. 0-0 0-0 9. Bg5 b6 10. Rfe1 h6 11. Bh4 Bb7 12. Re3 Ne8 13. Bxe7 Qxe7 14. f4 Qf6 15. e5 dxe5 16. fxe5 Qg5 17. Rg3 Rd8 18. Nd5 c5 19. Qe4 Bxd5 20. Bxd5 Qh5 21. Rf1 Nc7 22. Bb3 Rd1 23. c3 Rxf1+ 24. Kxf1 Re8 25. Bc2 Qxe5 1/2-1/2

[Event "BEL-ch U18/20"]
[Site "Bruges"]
[Date "2012.04.08"]
[Round "1"]
[White "Cuyt, Sven"]
[Black "Dorr, Yannick"]
[Result "0-1"]
[WhiteElo "1555"]
[BlackElo "1927"]
[PlyCount "62"]
[EventDate "2012.04.08"]
[EventType "swiss"]
[EventRounds "9"]
[EventCountry "BEL"]
[SourceTitle "CBM 147 Extra"]
[Source "ChessBase"]
[SourceDate "2012.04.24"]
[SourceVersion "1"]
[SourceVersionDate "2012.04.24"]
[SourceQuality "1"]

1. e4 e5 2. Nf3 Nc6 3. Bb5 Nf6 4. 0-0 Be7 5. d4 Nxd4 6. Nxd4 exd4 7. Qxd4 a6 8. Ba4 c5 9. Qd3 b5 10. e5 Ng8 11. Qg3 Kf8 12. f4 bxa4 13. f5 f6 14. Bf4 fxe5 15. Bxe5 Nf6 16. Bc7 Qe8 17. Re1 Qf7 18. Rxe7 Kxe7 19. Bd6+ Kd8 20. Nc3 Bb7 21. Bc7+ Kc8 22. Nxa4 Nd5 23. Nb6+ Nxb6 24. Bxb6 d5 25. Qd6 Qd7 26. Qxc5+ Qc6 27. Qd4 Re8 28. Qxg7 Qxb6+ 29. Kh1 Kb8 30. f6 Ka7 31. f7 Rf8 0-1

[Event "Maastricht Limburg op-A 5th"]
[Site "Maastricht"]
[Date "2011.06.13"]
[Round "6"]
[White "Eulering, Georg"]
[Black "Dorr, Yannick"]
[Result "1-0"]
[WhiteElo "2104"]
[BlackElo "1917"]
[PlyCount "71"]
[EventDate "2011.06.10"]
[EventType "swiss"]
[EventRounds "7"]
[EventCountry "NED"]
[SourceTitle "CBM 142 Extra"]
[Source "ChessBase"]
[SourceDate "2011.06.27"]
[SourceVersion "1"]
[SourceVersionDate "2011.06.27"]
[SourceQuality "1"]

1. e4 e5 2. Nf3 Nc6 3. c3 Nf6 4. d4 exd4 5. e5 Nd5 6. Qb3 Nb6 7. cxd4 Bb4+ 8. Nc3 0-0 9. Bd3 h6 10. 0-0 Bxc3 11. bxc3 d6 12. exd6 cxd6 13. h3 Qf6 14. Nh2 Be6 15. Qb5 Rac8 16. Ng4 Qh4 17. Ne3 Ne7 18. Bd2 Rc7 19. f4 Rfc8 20. f5 Bd7 21. Qb3 Bc6 22. f6 gxf6 23. Ng4 Bd5 24. Qc2 Bc4 25. Nxf6+ Kh8 26. Bxc4 Ng6 27. Bxf7 Rxf7 28. Qxg6 Rg7 29. Qxh6+ Qxh6 30. Bxh6 Rg6 31. Ng4 Rxc3 32. Rac1 Rg3 33. Rf8+ Rg8 34. Rxg8+ Kxg8 35. Be3 Nd5 36. Kf2 1-0

[Event "BEL-ch U16"]
[Site "Houffalize"]
[Date "2011.04.22"]
[Round "8"]
[White "De Strycker, Nathan"]
[Black "Dorr, Yannick"]
[Result "1-0"]
[WhiteElo "1760"]
[BlackElo "1834"]
[PlyCount "59"]
[EventDate "2011.04.17"]
[EventType "swiss"]
[EventRounds "9"]
[EventCountry "BEL"]
[SourceTitle "EXT 2012"]
[Source "ChessBase"]
[SourceDate "2011.11.24"]
[SourceVersion "1"]
[SourceVersionDate "2011.11.24"]
[SourceQuality "1"]

1. d4 Nf6 2. c4 e6 3. Nf3 Bb4+ 4. Bd2 Qe7 5. Qc2 0-0 6. Nc3 c5 7. a3 Bxc3 8. Bxc3 Nc6 9. dxc5 Ne8 10. e4 Qxc5 11. b4 Qh5 12. b5 Ne7 13. Bb4 d6 14. e5 Nf5 15. Rd1 a5 16. Bxd6 Nexd6 17. exd6 Bd7 18. Be2 Nh4 19. Nxh4 Qxh4 20. 0-0 b6 21. Qd2 Rac8 22. Qe3 Rc5 23. Rd4 Qf6 24. Rfd1 Rb8 25. Bf3 Kf8 26. Bc6 Bxc6 27. bxc6 Rxc6 28. Qe4 Rcc8 29. Qxh7 Ke8 30. d7+ 1-0

[Event "BEL-ch U14"]
[Site "Houffalize"]
[Date "2009.04.19"]
[Round "9"]
[White "Dorr, Yannick"]
[Black "Saligo, Laura"]
[Result "1-0"]
[WhiteElo "1894"]
[BlackElo "1570"]
[PlyCount "87"]
[EventDate "2009.04.13"]
[EventType "swiss"]
[EventRounds "9"]
[EventCountry "BEL"]
[SourceTitle "EXT 2012"]
[Source "ChessBase"]
[SourceDate "2011.11.24"]
[SourceVersion "1"]
[SourceVersionDate "2011.11.24"]
[SourceQuality "1"]

1. e4 b6 2. d4 Bb7 3. Bd3 e6 4. Nf3 c5 5. c3 Nf6 6. Nbd2 Be7 7. a3 0-0 8. 0-0 d5 9. e5 Ne4 10. Qc2 f5 11. exf6 Bxf6 12. Nxe4 dxe4 13. Bxe4 Bxe4 14. Qxe4 Qd5 15. Re1 Qxe4 16. Rxe4 cxd4 17. Nxd4 e5 18. Nf3 Nc6 19. Bg5 Bxg5 20. Nxg5 Rf5 21. Nf3 a5 22. Rae1 Rd8 23. h3 Re8 24. R1e2 h5 25. Nd4 Nxd4 26. cxd4 Kf7 27. dxe5 Ra8 28. g3 Ke6 29. Kg2 Raf8 30. b4 Rf3 31. a4 Ra3 32. b5 Rd8 33. Rc4 Ra1 34. Rc6+ Ke7 35. e6 Rdd1 36. Rc7+ Ke8 37. e7 Rg1+ 38. Kf3 Ra3+ 39. Ke4 Rd1 40. Kf5 Rf3+ 41. Ke6 Rd8 42. exd8Q+ Kxd8 43. Ra7 Rd3 44. Re5 1-0